000 00497nam a22001697a 4500
003 MACL
005 20160402154744.0
008 160402b xxu||||| |||| 00| 0 eng d
040 _cMACL
041 _aHindi
082 _a333
100 _aसिंह सतनाम
_950049
245 _aप्राकृतिक आपदा : बाढ
260 _aनई दिल्‍ली
_bऋषभ बुक्‍स
_c2011
650 _aपर्यावरण
_936465
942 _2ddc
_cHIN
999 _c53688
_d53688